Breton, Andre, 1896-1966 /

Сохранить в:
Библиографические подробности
Главный автор: Breton, Andre, 1896-1966
Формат: Неизвестно
Язык:French
Опубликовано: Francia : Gallimard, c1955.
Серии:(Idées, Littérature ; 223)
Предметы:
Метки: Добавить метку
Нет меток, Требуется 1-ая метка записи!

MARC

LEADER 000000000a22000000004500
001 004620
041 0 |a fre 
082 0 4 |a 841.912   |b B844v 
100 1 |a Breton, Andre,   |d 1896-1966 
245 1 0 |a Breton, Andre,   |b 1896-1966 /   |c Andre Breton. 
260 1 |a Francia :   |b Gallimard,   |c c1955. 
300 |a 179 páginas :   |b ilustraciones 
490 1 |a (Idées, Littérature ;   |v 223) 
500 |a "18806" 
500 |a Colección George Yúdice 
650 4 |a SUEÑOS 
650 4 |a LITERATURA FRANCESA 
650 4 |a POESIA 
999 |c 10749  |d 10749 
942 |c BK  |h 841.912 B844v  |2 z